| 000 | 00948cam a2200229 4500 | ||
|---|---|---|---|
| 001 | L129528 | ||
| 008 | 111024s2005 000 0 eng u | ||
| 020 | _a0110695194 | ||
| 035 | _a(Sirsi) u129528 | ||
| 041 | _aeng | ||
| 050 |
_a692.209411 _c18 |
||
| 245 | 4 | _aThe Building (Forms) (Scotland) Regulations 2005 | |
| 260 |
_aLondon _bHMSO _c2005 |
||
| 490 |
_aSSI _v2005: 172 |
||
| 520 | _aCame into force 1 May 2005. Set out the forms prescribed for the purposes of the Building (Scotland) Act 2003 s36. The 16 prescribed forms include those for building warrants, completion certificates and various enforcement notices. | ||
| 590 | _aIKA290405 | ||
| 650 | _aBUILDING (FORMS) (SCOTLAND) REGULATIONS 2005 | ||
| 650 | _aBUILDING (SCOTLAND) ACT 2003 S36 | ||
| 690 |
_aBuilding regulations _96224 |
||
| 856 |
_uhttps://www.legislation.gov.uk/ssi/2005/172/contents/made _zView this item free of charge at www.legislation.gov.uk |
||
| 942 | _n0 | ||
| 999 |
_c104222 _d104222 |
||